000 01274nam0a22002651 4500
001 rc\2705982
005 20230522200252.0
035 _a(NLR Aleph) 006834040
090 _a6575500
_c6575500
100 _a20110915d1934 |||y0rusy50 ca
101 0 _arus
102 _aRU
105 _ay z |||||
200 1 _aХимическая технология пластмасс на основе полимеризации и конденсации
_fПроф. Г. С. Петров. Моск. хим.-технол. ин-т им. Менделеева
_gОбъединение науч.-техн. изд-в. Сектор по подготовке к изд. стабильных учебников
210 _aМосква
_cОНТИ типо-стеклогр. Промкомбината местн. пром. Бауманск. райсовета
_d1934
215 _d29х22 см.
333 _aНа правах рукописи. Стеклогр. изд.
421 0 _12001#$aВводная [лекция]
_1215##$aОбл., 48 с., без тит. л.
700 1 _aПетров
_bГ. С.
_f1886-1957
_gГригорий Семенович
801 0 _aRU
_bNLR
_gpsbo
801 1 _aRU
_bELAR
_2rusmarc
852 _aNLR
_j33-20/1374
942 _cBOOK
980 _aNB